Polyfunkčný areál Bazová
Salvato in:
| Autore principale: | |
|---|---|
| Altri autori: | |
| Natura: | Manoscritto Libro |
| Lingua: | slovacco |
| Pubblicazione: |
Bratislava
2021
|
| Soggetti: | |
| Accesso online: | http://is.stuba.sk/zp/portal_zp.pl?podrobnosti=157733 |
| Tags: |
Nessun Tag, puoi essere il primo ad aggiungerne!!
|
MARC
| LEADER | 00000ntm a22000003a 4500 | ||
|---|---|---|---|
| 001 | stuzp84066 | ||
| 003 | SK-STU | ||
| 005 | 20220217121323.7 | ||
| 007 | ta | ||
| 008 | 150427s2015----xo-----f-mn---000-0-slo-d | ||
| 040 | |a STU |b slo | ||
| 041 | 0 | |a slo | |
| 100 | 1 | |a Hrdlovičová, Lucia |u 052120 |4 aut |U FAD Fakulta architektúry a dizajnu |T FAD Ústav ekologickej a experimentálnej architektúry |X 82265 |U A2120 |Y 393 |7 82265 | |
| 242 | 0 | 1 | |a Bazová Multifunctional Complex |y eng |
| 245 | 1 | 0 | |a Polyfunkčný areál Bazová |
| 260 | |c 2021 |a Bratislava | ||
| 650 | 4 | |a kultúrne centrum |2 slo | |
| 650 | 4 | |a brownfield |2 slo | |
| 650 | 4 | |a revitalizácia |2 slo | |
| 650 | 4 | |a mestská inštitúcia |2 slo | |
| 650 | 4 | |a mestský archív |2 slo | |
| 650 | 4 | |a metropolitný inštitút |2 slo | |
| 650 | 4 | |a drevostavba |2 slo | |
| 650 | 4 | |a brownfield |2 eng | |
| 650 | 4 | |a revitalization |2 eng | |
| 650 | 4 | |a wooden building |2 eng | |
| 650 | 4 | |a city institution |2 eng | |
| 650 | 4 | |a city archive |2 eng | |
| 650 | 4 | |a metropolitan institute |2 eng | |
| 650 | 4 | |a cultural center |2 eng | |
| 700 | 1 | |a Varga, Tibor |u 052120 |k Z1 |4 ths |U FAD Fakulta architektúry a dizajnu |T FAD Ústav ekologickej a experimentálnej architektúry |X 337 |U A2120 |Y 393 |7 A000000337 | |
| 856 | 4 | |u http://is.stuba.sk/zp/portal_zp.pl?podrobnosti=157733 |u https://opac.crzp.sk/?fn=detailBiblioForm&sid=0C216CD716E182230E2B0FAAC853 | |